Normal view
MARC view
Entry Corporate Name
001 - CONTROL NUMBER
- control field: 11438
003 - CONTROL NUMBER IDENTIFIER
- control field: ARRUPE
005 - DATE AND TIME OF LATEST TRANSACTION
- control field: 20140922174723.0
008 - FIXED-LENGTH DATA ELEMENTS
- fixed length control field: 140922|| aca||aabn | a|a d
040 ## - CATALOGING SOURCE
- Original cataloging agency: ARRUPE
- Transcribing agency: ARRUPE
110 ## - HEADING--CORPORATE NAME
- Corporate name or jurisdiction name as entry element: International Jesuit Network for Development.
670 ## - SOURCE DATA FOUND
- Source citation: Work cat.: (ARRUPE)0: Robinson. Mary 11435, The development of peoples, 2007.